| 000 | 01048nam2a22002291 4500 | ||
|---|---|---|---|
| 001 | rc\3980233 | ||
| 005 | 20250610223353.0 | ||
| 035 | _a(NLR Aleph) 007935154 | ||
| 090 |
_a8243691 _c8243691 |
||
| 100 | _a20130415d1956 |||y0rusy50 ca | ||
| 101 | 0 | _arus | |
| 102 | _aRU | ||
| 105 | _ay z ||||| | ||
| 200 | 0 | _a... на 1-е августа 1956 года | |
| 210 |
_d1956 _aБ. м. |
||
| 215 | _a46 с. | ||
| 461 | 0 |
_1001rc\3980231 _12001#$aПоказатели по производству, сдаче и продаже мяса и молока Государству колхозами ...$fМ-во с. х. СССР$v... на 1-е августа 1956 года _98243679 _cМосква _d1956 _fМ-во с. х. СССР _nБ. и. _tПоказатели по производству, сдаче и продаже мяса и молока Государству колхозами ... _v... на 1-е августа 1956 года |
|
| 801 | 0 |
_aRU _bNLR _gpsbo |
|
| 801 | 1 |
_aRU _bELAR _2rusmarc |
|
| 852 |
_aNLR _jЭк50 Г-6/841 |
||
| 942 | _cBOOK | ||
| 980 | _aNB | ||